Did God Care? : Providence, Dualism, and Will in Later Greek and Early Christian Philosophy /

Is God involved? Why do bad things happen to good people? What is up to us? These questions were explored in Mediterranean antiquity with reference to 'providence' ( pronoia ). In Did God Care? Dylan Burns offers the first comprehensive survey of providence in ancient philosophy that bring...

وصف كامل

محفوظ في:

المؤلف الرئيسي: Burns, Dylan M. (مؤلف)

التنسيق: كتاب الكتروني

اللغة: English

منشور في: Leiden; Boston : BRILL, 2020.

سلاسل: Studies in Platonism, Neoplatonism, and the Platonic Tradition ; 25.

الموضوعات:

الوصول للمادة أونلاين: Login to view Source

الوسوم: إضافة وسم

لا توجد وسوم, كن أول من يضع وسما على هذه التسجيلة!

رقم الطلب: BR100

LEADER 02566nam a22004331i 4500
001 BRILL9789004432994
003 nllekb
005 20230529212036.0
006 m d
007 cr un uuuua
008 200407s2020 ne sb 001 0 eng d
020 |a 9789004432994  |q (electronic book) 
020 |a 9789004432970  |q (print) 
024 7 |a 10.1163/9789004432994  |2 DOI 
035 |z (OCoLC)1154903406 
040 |a NL-LeKB  |c NL-LeKB  |e rda 
050 4 |a BR100 
072 7 |a HPCA  |2 bicssc 
072 7 |a PHI  |x 002000  |2 bisacsh 
082 0 4 |a 190  |2 23 
100 1 |a Burns, Dylan M.,  |e author. 
245 1 0 |a Did God Care? :  |b Providence, Dualism, and Will in Later Greek and Early Christian Philosophy /  |c Dylan M. Burns. 
246 3 |a Providence, Dualism, and Will in Later Greek and Early Christian Philosophy 
264 1 |a Leiden;   |a Boston :  |b BRILL,   |c 2020. 
300 |a 1 online resource. 
336 |a text  |b txt  |2 rdacontent 
337 |a computer  |b c  |2 rdamedia 
338 |a online resource  |2 rdacarrier 
490 1 |a Studies in Platonism, Neoplatonism, and the Platonic Tradition ;  |v 25 
520 |a Is God involved? Why do bad things happen to good people? What is up to us? These questions were explored in Mediterranean antiquity with reference to 'providence' ( pronoia ). In Did God Care? Dylan Burns offers the first comprehensive survey of providence in ancient philosophy that brings together the most important Greek, Latin, Coptic, and Syriac sources, from Plato to Plotinus and the Gnostics. Burns demonstrates how the philosophical problems encompassed by providence transformed in the first centuries CE, yielding influential notions about divine care, evil, creation, omniscience, fate, and free will that remain with us today. These transformations were not independent developments of 'Pagan philosophy' and 'Christian theology,' but include fruits of mutually influential engagement between Hellenic and Christian philosophers. 
559 4 |a BR100 
588 |a Description based on print version record. 
650 0 |a Christianity  |x Philosophy. 
776 0 8 |i Print version:  |t Did God Care? : Providence, Dualism, and Will in Later Greek and Early Christian Philosophy,   |d Leiden Boston : BRILL, 2020  |w 9789004432970 
830 0 |a Studies in Platonism, Neoplatonism, and the Platonic Tradition ;  |v 25. 
856 4 |z DOI:   |u http://dx.doi.org/10.1163/9789004432994 
942 |2 lcc  |c EBOOK 
952 |0 0  |1 0  |2 lcc  |4 0  |6 BR0100  |7 1  |9 48637  |a BRILL  |b BRILL  |d 2023-05-29  |l 0  |o BR100  |r 2023-05-29 00:00:00  |w 2023-05-29  |y EBOOK 
999 |c 53981  |d 53981